| 000 | 01047cam a22002415a 4500 | ||
|---|---|---|---|
| 003 | OSt | ||
| 005 | 20150820145652.0 | ||
| 008 | 090318k20012004le ||||fr|||| 001 0 ara d | ||
| 040 |
_aEG-ScBUE _bara _cEG-ScBUE |
||
| 082 | 0 | 4 |
_a320.54 _bح ر ك _222 |
| 245 |
_aحركة القوميين العرب : _bنشأتها وتطورها عبر وثائقها 1951 - 1968 : الكتاب الاول 1951-1961 / _cتحرير هاني الهندي ، عبد الإله النصراوي |
||
| 260 |
_aبيروت : _bمؤسسة الأبحاث العربية ، _c2001-2004. |
||
| 300 |
_a4 مج ؛ _c24 سم. |
||
| 500 | _aيشتمل على كشاف. | ||
| 590 | _adoaa mohamed | ||
| 650 |
_aالقومية العربية _913384 _2BUEsh |
||
| 650 |
_aالشيوعية _913590 _2BUEsh |
||
| 651 |
_913700 _aالعالم العربي _xالأحوال السياسية _2BUEsh |
||
| 653 |
_bARALIT _cAugust2015 |
||
| 700 | 1 |
_aالهندي ، هاني _913461 _eتحرير |
|
| 700 | 1 |
_aالنصراوي ، عبد الإله _921534 |
|
| 942 |
_cBB _k320.54 ح ر ك _2ddc |
||
| 999 |
_c7876 _d7876 |
||